| 000 | 00791nam a22002297a 4500 | ||
|---|---|---|---|
| 003 | OSt | ||
| 005 | 20260601171015.0 | ||
| 008 | 260506b1997\\\\mx\|||||\||||\00|\0\spa\d | ||
| 040 |
_aICI _bspa _cICI |
||
| 041 | _aspa | ||
| 050 |
_aBF637.C45 _bS96 2022 |
||
| 100 | 1 |
_aSymons, James, M., _eautor _933720 |
|
| 245 |
_aMás claro, ni el agua : _bpreguntas y respuestas sobre el agua potable que llega a nuestro hogar / _cDr. James M. Symons |
||
| 264 |
_aMéxico : _bAmerican Water Works Association , _c1997 |
||
| 300 |
_a250 páginas : _bilustraciones |
||
| 650 |
_aComunicación interpersonal _933721 |
||
| 650 |
_aHabilidades de comunicación _933722 |
||
| 650 |
_aRelaciones humanas _924618 |
||
| 650 | _aDesarrollo personal | ||
| 650 |
_aComunicación efectiva _933724 |
||
| 942 |
_2lcc _cB _n1 |
||
| 999 |
_c20643 _d20643 |
||